Calibrar el monitor.
Gardado en:
| Autor Principal: | |
|---|---|
| Formato: | Libro |
| Publicado: |
Barcelona, España:
Marcombo,
2013.
|
| Edición: | 3a. edición totalmente actualizada. |
| Series: | Colección Bit & Pixel,
|
| Subjects: | |
| Tags: |
Engadir etiqueta
Sen Etiquetas, Sexa o primeiro en etiquetar este rexistro!
|
MARC
| LEADER | 00000nam a22000007a 4500 | ||
|---|---|---|---|
| 003 | CL-VaPUC | ||
| 005 | 20250321101932.0 | ||
| 008 | 250123t2013 ||||| |||| 00| 0 eng d | ||
| 999 | |c 446786 |d 446784 | ||
| 020 | |a 978-84-939216-1-3 | ||
| 040 | |c Pontificia Universidad Católica de Valparaíso | ||
| 082 | |a 771 ROD 2013 | ||
| 100 | |9 895819 |a Rodríguez, Hugo |e autor | ||
| 245 | |a Calibrar el monitor. | ||
| 250 | |a 3a. edición totalmente actualizada. | ||
| 260 | |a Barcelona, España: |b Marcombo, |c 2013. | ||
| 300 | |a 303 páginas: |b ilustraciones. | ||
| 490 | |a Colección Bit & Pixel, |n 4. | ||
| 500 | |a c.1. Instituto Arcos.08-01-2025. | ||
| 583 | |c 20250123 |k Gabriela Rodríguez Cuevas | ||
| 650 | 0 | |9 268495 |a Fotografía |x Técnicas digitales | |
| 650 | 0 | |9 361884 |a Imágenes |x Digitalización | |
| 650 | 0 | |9 355274 |a Dispositivos electrónicos |x Pantallas |x Calibración de color | |
| 942 | |2 ddc |c BK |n 0 | ||
| 952 | |0 0 |1 0 |2 ddc |4 0 |6 771_000000000000000_ROD_2013 |7 0 |9 599854 |a BIBINC |b BIBINC |c GEN |d 2025-01-23 |e Instituto Arcos |i 5664715 |o 771 ROD 2013 |p 5664715 |r 2025-01-23 |t 1 |w 2025-01-23 |y BK |k IFP | ||